00253nam a2200097Ia 4500008004100000100001300041245004700054260003300101300000900134650001200143191201s2006 xx 000 0 und d aKUMAR, R 0aBrilliant Mathematics Series Real Analysis aN. DelhibVardhman Pubc2006 aMISC aApplied